ਹਾਸੇ ਵਿਲਕ ਪਏ (Record no. 384488)

MARC details
000 -LEADER
fixed length control field 00697nam a2200193Ia 4500
003 - CONTROL NUMBER IDENTIFIER
control field OSt
005 - DATE AND TIME OF LATEST TRANSACTION
control field 20250829154617.0
008 - FIXED-LENGTH DATA ELEMENTS--GENERAL INFORMATION
fixed length control field Pun
037 ## - SOURCE OF ACQUISITION
Terms of availability TB
040 ## - CATALOGING SOURCE
Original cataloging agency ARTS
Transcribing agency ARTS
Language of cataloging Pun
041 ## - LANGUAGE CODE
Source of code Pun
Language code of text/sound track or separate title Pun
084 ## - COLON CLASSIFICATION NUMBER
Classification number O153,1NBHx M7
Assigning agency AL
100 ## - MAIN ENTRY--PERSONAL NAME
Personal name ਭੂਪਾਲ, ਦਲੀਪ ਸਿੰਘ; ਪੁਰੀ, ਗੁਰਦੀਪ ਸਿੰਘ
9 (RLIN) 169007
245 #0 - TITLE STATEMENT
Title ਹਾਸੇ ਵਿਲਕ ਪਏ
260 ## - PUBLICATION, DISTRIBUTION, ETC.
Place of publication, distribution, etc. ਅੰਮ੍ਰਿਤਸਰ
Name of publisher, distributor, etc. ਅਲਕਾ ਸਾਹਿਤ ਸਦਨ
Date of publication, distribution, etc. 1987
300 ## - PHYSICAL DESCRIPTION
Extent 112ਪੰ
Dimensions cm.
942 ## - ADDED ENTRY ELEMENTS (KOHA)
Classification part O153,1NBHx M7
Koha item type Textbook
Source of classification or shelving scheme Colon Classification (CC)
Suppress in OPAC No
Holdings
Withdrawn status Lost status Damaged status Not for loan Home library Current library Date acquired Total Checkouts Full call number Barcode Date last seen Price effective from Koha item type
        Arts Library Arts Library 2022-09-23   O153,1NDUx M7 AL0985102 2022-09-23 2022-09-23 Textual
Copyright @ Delhi University Library System